| 000 | 00442nam a2200181Ia 4500 | ||
|---|---|---|---|
| 001 | 13120 | ||
| 005 | 20260306163030.0 | ||
| 008 | 260306t2014||||xx |||||||||||||| ||spa|| | ||
| 041 | _aESP | ||
| 082 |
_aRM 340 _bU61 |
||
| 110 | _aUniversidad Católica San Pablo | ||
| 245 | 0 |
_aDiez años de la Facultad de Derecho de la UCSP: _bmemoria |
|
| 260 | _c2014 | ||
| 300 |
_a _c |
||
| 650 | _aGEN | ||
| 654 | _aCDE | ||
| 942 |
_cLIB _dJUS _fJUS _2ddc _n |
||
| 999 |
_c13120 _d13120 |
||